Joseph

Bibliographic Details
Main Author: Murdock, Hy
Other Authors: Grundy, Lynn N (illustrated)
Format: Book
Published: England : Ladybird Book , 19-
Series:Ladybird bible stories
Subjects:

MARC

LEADER 00000cam a2200000 7i4500
001 0000003236
002 000003493
005 20000330.0
020 |a 0721495192 
090 0 0 |a JF   |b MUR 
100 1 |a Murdock, Hy 
245 1 0 |a Joseph   |c Hy Murdock ; illustrated by Lynn N Grundy 
260 |a England :   |b Ladybird Book ,   |c 19- 
300 |a 26 p. :   |b ill. ;   |c 18 cm. 
490 0 |a Ladybird bible stories 
650 0 0 |a Children's stories 
700 1 |a Grundy, Lynn N ,   |e illustrated 
999 |a 035705   |b BUKU   |c PINJAMAN   |e PERPUSTAKAAN KOMUNITI PETALING JAYA